Study and installation of a Profibus network for PCD PLCs : Final Year Project
Salvato in:
| Autore principale: | |
|---|---|
| Altri autori: | |
| Natura: | Manoscritto Libro |
| Lingua: | inglese |
| Pubblicazione: |
Trnava :
STU v Bratislave MtF KAIA,
1997
|
| Soggetti: | |
| Tags: |
Nessun Tag, puoi essere il primo ad aggiungerne!!
|
MARC
| LEADER | 00000ntm a22000003a 4500 | ||
|---|---|---|---|
| 001 | stu74426 | ||
| 005 | 20160719155058.3 | ||
| 008 | 020228s1997----xo------------------eng-d | ||
| 040 | |a STU |b slo | ||
| 041 | 0 | |a eng | |
| 044 | |a xo | ||
| 100 | 1 | |a Dieška, Michal |4 aut | |
| 245 | 1 | |a Study and installation of a Profibus network for PCD PLCs : |b Final Year Project | |
| 260 | |a Trnava : |b STU v Bratislave MtF KAIA, |c 1997 | ||
| 300 | |a 58 s |c výťah | ||
| 650 | 7 | |a Riadenie automatizované |2 stusub | |
| 650 | 7 | |a Strojárska aplikovaná informatika |2 stusub | |
| 700 | 1 | |a Saey, Philippe |4 xxx | |
| 996 | |b 284M041806 |c M*DP-1106 |l MMSKP |s P |a 0 |w stu74426_0001 | ||